| 000 | 00501nam a2200193Ia 4500 | ||
|---|---|---|---|
| 003 | OSt | ||
| 005 | 20250123085339.0 | ||
| 008 | 210716s1969 xx 000 0 und d | ||
| 040 | _cAIMIT LIBRARY | ||
| 041 | _aeng | ||
| 082 |
_a808.83 _21 _bRUBB |
||
| 100 |
_aRubens, Bernice. _9194682 |
||
| 245 |
_aChosen people / _cBy Bernice Rubens. |
||
| 250 | _a1st ed. | ||
| 260 |
_aNew York : _bAtheneum ; _c1969. |
||
| 300 |
_a275p. ; _bPB _c21 cm. |
||
| 440 | _v6 | ||
| 942 |
_2ddc _cBK _e1st ed. _k808.83 RUBB |
||
| 999 |
_c199945 _d199945 |
||